[Event "BUL Plovdiv, Team Ch"]
[Site "Plovdiv"]
[Date "2003.11.05"]
[Round "1"]
[White "Manolov, Ivan"]
[Black "Spasov, Vasil"]
[Result "0-1"]
[WhiteElo "2255"]
[BlackElo "2543"]
[PlyCount "120"]
[EventDate "2003.11.??"]
[EventType "team"]
[EventRounds "9"]
[EventCountry "BUL"]

1. e4 c5 2. Nf3 Nc6 3. d4 cxd4 4. Nxd4 Nf6 5. Nc3 d6 6. Be2 g6 7. O-O Bg7 8.
Be3 O-O 9. h3 Bd7 10. Nb3 a6 11. a4 Na5 12. Nxa5 Qxa5 13. Bd2 Rac8 14. Bd3 Qc7
15. a5 Bc6 16. Qe2 d5 17. exd5 Nxd5 18. Nxd5 Bxd5 19. c3 e5 20. Rfe1 f5 21. f3
Rce8 22. Ra4 Bc6 23. Raa1 e4 24. Bc4+ Kh8 25. f4 g5 26. Qf2 gxf4 27. Bxf4 Be5
28. g3 Bxf4 29. Qxf4 Qxf4 30. gxf4 Rf6 31. Kf2 Rh6 32. Bf1 Rd6 33. Ke3 Rg8 34.
Kf2 Rd2+ 35. Re2 Rgd8 36. b4 e3+ 37. Kxe3 R2d3+ 38. Kf2 Rf3+ 39. Ke1 Bb5 40.
Bg2 Bxe2 41. Kxe2 Rxc3 42. Bxb7 Rb3 43. Bxa6 Rxb4 44. Bd3 Rb2+ 45. Ke3 Rb3 46.
Rd1 Ra3 47. a6 Kg7 48. Ke2 Kf6 49. Rd2 Rd4 50. Ke3 Re4+ 51. Kf3 Rea4 52. Ke2
Rxf4 53. Rb2 Rd4 54. Rb6+ Kg5 55. Bc2 Ra2 56. Ke3 Rh4 57. Bb1 Ra3+ 58. Kf2
Rhxh3 59. Rb5 Rhf3+ 60. Ke2 Rf4 0-1

[Event "BUL Plovdiv, Team Ch"]
[Site "Plovdiv"]
[Date "2003.11.06"]
[Round "2"]
[White "Spasov, Vasil"]
[Black "Kozhuharov, Spas"]
[Result "1-0"]
[WhiteElo "2543"]
[BlackElo "2356"]
[PlyCount "61"]
[EventDate "2003.11.??"]
[EventType "team"]
[EventRounds "9"]
[EventCountry "BUL"]

1. e4 c5 2. Nf3 Nc6 3. Bb5 d6 4. O-O Bd7 5. Re1 a6 6. Bxc6 Bxc6 7. d4 cxd4 8.
Nxd4 Rc8 9. c4 Nf6 10. Nc3 e6 11. b3 Be7 12. Nxc6 Rxc6 13. Bb2 O-O 14. Qd2 Nd7
15. Rad1 Bg5 16. f4 Bh4 17. Re2 b5 18. cxb5 axb5 19. Nxb5 Qa8 20. a4 Nc5 21.
Qe3 Be7 22. f5 e5 23. Red2 Bd8 24. Kh1 Bb6 25. Qf3 Rd8 26. h3 Qb8 27. Ba3 Rd7
28. Rd5 Qd8 29. Bxc5 Bxc5 30. Rc1 Qg5 31. Rdd1 1-0

[Event "BUL Plovdiv, Team Ch"]
[Site "Plovdiv"]
[Date "2003.11.09"]
[Round "7"]
[White "Marholev, Dimitar"]
[Black "Spasov, Vasil"]
[Result "1/2-1/2"]
[WhiteElo "2407"]
[BlackElo "2543"]
[PlyCount "111"]
[EventDate "2003.11.??"]
[EventType "team"]
[EventRounds "9"]
[EventCountry "BUL"]

1. e4 c5 2. Nf3 Nc6 3. d4 cxd4 4. Nxd4 Nf6 5. Nc3 d6 6. Bc4 Qb6 7. Nb3 e6 8.
O-O a6 9. a4 Qc7 10. Be2 b6 11. Be3 Be7 12. f4 O-O 13. Bf3 Nd7 14. g4 Re8 15.
g5 Bf8 16. Bg2 Bb7 17. Qh5 Nb4 18. Nd4 g6 19. Qd1 Bg7 20. Nde2 Rad8 21. Qd2 f5
22. exf5 Bxg2 23. Kxg2 exf5 24. Bd4 {Diagram #} Ne5 25. b3 Ng4 26. Rf3 Qb7 27.
Bxg7 {Diagram #} Nxc2 28. Rc1 Nxh2 29. Kxh2 Qxf3 30. Rxc2 Qf2+ 31. Kh1 Re3 32.
Ng1 Qxd2 33. Rxd2 Kxg7 34. Nge2 h6 35. gxh6+ Kxh6 36. Kg2 Rc8 37. Nd1 Rxb3 38.
Rxd6 Rc2 39. Kf1 Rf3+ 40. Nf2 Rb2 41. Ke1 Ra3 42. Nd1 Rb1 43. Rd4 a5 44. Kd2
Rb4 45. Ndc3 Rxd4+ 46. Nxd4 Kh5 47. Kc2 Ra1 48. Kb2 Re1 49. Nd5 Kg4 50. Nc6 Kf3
51. Ne5+ Ke4 52. Nc3+ Ke3 53. Nd5+ Ke4 54. Nc3+ Ke3 55. Nd5+ Ke4 56. Nc3+
1/2-1/2

[Event "BUL Plovdiv, Team Ch"]
[Site "Plovdiv"]
[Date "2003.11.10"]
[Round "8"]
[White "Spasov, Vasil"]
[Black "Georgiev, Kiril"]
[Result "1/2-1/2"]
[WhiteElo "2543"]
[BlackElo "2651"]
[PlyCount "56"]
[EventDate "2003.11.??"]
[EventType "team"]
[EventRounds "9"]
[EventCountry "BUL"]

1. e4 e5 2. Bc4 Nf6 3. d3 Nc6 4. Nf3 h6 5. O-O d6 6. c3 g6 7. d4 Qe7 8. b4 a6
9. dxe5 Nxe5 10. Nxe5 dxe5 11. f3 Bg7 12. Be3 b6 13. Nd2 O-O 14. a4 a5 15. bxa5
Rxa5 16. Nb3 Ra8 17. a5 Be6 18. Qe2 Rfb8 19. Rfd1 Bf8 20. axb6 cxb6 21. Nd2
Rxa1 22. Rxa1 Rc8 23. Rb1 Bxc4 24. Nxc4 Qe6 25. Nxb6 Rxc3 26. Qd2 Rb3 27. Rxb3
Qxb3 28. Kf2 Be7 1/2-1/2

[Event "BUL Plovdiv, Team Ch"]
[Site "Plovdiv"]
[Date "2003.11.11"]
[Round "9"]
[White "Cheparinov, Ivan"]
[Black "Spasov, Vasil"]
[Result "1-0"]
[WhiteElo "2531"]
[BlackElo "2543"]
[PlyCount "45"]
[EventDate "2003.11.??"]
[EventType "team"]
[EventRounds "9"]
[EventCountry "BUL"]

1. e4 e6 2. d4 d5 3. Nc3 dxe4 4. Nxe4 Nd7 5. Nf3 Ngf6 6. Nxf6+ Nxf6 7. c3 Be7
8. Bd3 a6 9. Qe2 b6 10. Bf4 Bb7 11. O-O-O O-O 12. Kb1 b5 13. h4 Re8 14. Rh3
Bxf3 15. Qxf3 Nd5 16. Be5 Bd6 17. Re1 c6 18. g4 Ra7 19. g5 Bxe5 20. Rxe5 f5 21.
gxf6 Qxf6 {Diagram #} 22. Bxh7+ Kf7 23. Bg6+ 1-0

[Event "BUL Sofia, DIP 67th Men"]
[Site "Sofia"]
[Date "2003.05.07"]
[Round "1"]
[White "Spasov, Vasil"]
[Black "Simeonov, Stefan"]
[Result "1-0"]
[WhiteElo "2555"]
[BlackElo "2345"]
[PlyCount "59"]
[EventDate "2003.05.??"]
[EventType "tourn"]
[EventRounds "11"]
[EventCountry "BUL"]
[EventCategory "8"]

1. e4 c5 2. Nf3 d6 3. d4 cxd4 4. Nxd4 Nf6 5. Nc3 a6 6. Be3 e5 7. Nb3 Be6 8. f3
Be7 9. Qd2 Nbd7 10. g4 b5 11. O-O-O Nb6 12. Kb1 Rc8 13. Qf2 Na4 14. Nd5 Bxd5
15. exd5 Qc7 16. g5 Nd7 17. h4 Ndb6 18. Bh3 Rb8 19. Bf5 Nc4 20. Bc1 a5 21. h5
h6 22. gxh6 gxh6 23. f4 Nc5 24. Nxc5 Qxc5 25. Qxc5 dxc5 26. fxe5 Nxe5 27. d6
Bf6 28. d7+ Kd8 29. Bf4 Rb6 30. Rhe1 1-0

[Event "BUL Sofia, DIP 67th Men"]
[Site "Sofia"]
[Date "2003.05.08"]
[Round "2"]
[White "Genov, Petar"]
[Black "Spasov, Vasil"]
[Result "1/2-1/2"]
[WhiteElo "2490"]
[BlackElo "2555"]
[PlyCount "21"]
[EventDate "2003.05.??"]
[EventType "tourn"]
[EventRounds "11"]
[EventCountry "BUL"]
[EventCategory "8"]

1. d4 Nf6 2. c4 g6 3. Nc3 Bg7 4. e4 d6 5. Nf3 O-O 6. Be2 e5 7. O-O Nc6 8. d5
Ne7 9. Ne1 Nd7 10. Nd3 f5 11. Bd2 1/2-1/2

[Event "BUL Sofia, DIP 67th Men"]
[Site "Sofia"]
[Date "2003.05.11"]
[Round "5"]
[White "Petrov, Marian"]
[Black "Spasov, Vasil"]
[Result "1/2-1/2"]
[WhiteElo "2490"]
[BlackElo "2555"]
[PlyCount "21"]
[EventDate "2003.05.??"]
[EventType "tourn"]
[EventRounds "11"]
[EventCountry "BUL"]
[EventCategory "8"]

1. e4 g6 2. d4 d6 3. Nc3 Bg7 4. Nf3 Nf6 5. Be2 O-O 6. O-O Bg4 7. Be3 Nc6 8. h3
Bxf3 9. Bxf3 e5 10. d5 Ne7 11. Re1 1/2-1/2

[Event "BUL Sofia, DIP 67th Men"]
[Site "Sofia"]
[Date "2003.05.12"]
[Round "6"]
[White "Spasov, Vasil"]
[Black "Panbukchian, Valentin"]
[Result "1-0"]
[WhiteElo "2555"]
[BlackElo "2325"]
[PlyCount "97"]
[EventDate "2003.05.??"]
[EventType "tourn"]
[EventRounds "11"]
[EventCountry "BUL"]
[EventCategory "8"]

1. e4 e6 2. d4 d5 3. Nd2 c5 4. Ngf3 Nc6 5. exd5 exd5 6. Bb5 Bd6 7. dxc5 Bxc5 8.
O-O Nge7 9. Nb3 Bd6 10. Re1 O-O 11. Bg5 Bg4 12. Bh4 Re8 13. Bg3 Bxg3 14. hxg3
h6 15. a4 Qb6 16. Qd3 Bf5 17. Qd2 Be4 18. Nfd4 Nxd4 19. Qxd4 Nc6 20. Qxb6 axb6
21. Re2 Red8 22. Rd1 Rac8 23. c3 Kf8 24. g4 f6 25. Nd4 Rd6 26. Nxc6 bxc6 27.
Rxe4 cxb5 28. axb5 Rc5 29. Red4 Ke7 30. f3 Ke6 31. Kf2 Rd8 32. Ke3 Ra8 33. Kd3
Ra2 34. Rd2 g5 35. Re2+ Kd6 36. Rd2 Ke6 37. Re2+ Kd6 38. f4 Ra1 39. Kc2 Rc4 40.
f5 Kc5 41. Red2 Kxb5 42. Rxd5+ Ka6 43. Rd6 Rxg4 44. Rxf6 Ra5 45. Rf2 Rf4 46.
Rxf4 gxf4 47. Kd3 Re5 48. Rf8 Kb7 49. f6 1-0

[Event "BUL Sofia, DIP 67th Men"]
[Site "Sofia"]
[Date "2003.05.13"]
[Round "7"]
[White "Dragiev, Veselin"]
[Black "Spasov, Vasil"]
[Result "1/2-1/2"]
[WhiteElo "2450"]
[BlackElo "2555"]
[PlyCount "27"]
[EventDate "2003.05.??"]
[EventType "tourn"]
[EventRounds "11"]
[EventCountry "BUL"]
[EventCategory "8"]

1. g3 e5 2. Bg2 Nc6 3. c4 g6 4. Nc3 Bg7 5. d3 d6 6. e3 f5 7. Nge2 Nf6 8. O-O
O-O 9. Nd5 Ne7 10. Nec3 Nexd5 11. Nxd5 Nxd5 12. cxd5 Kh8 13. Bd2 Bd7 14. Rc1
1/2-1/2

[Event "BUL Sofia, DIP 67th Men"]
[Site "Sofia"]
[Date "2003.05.15"]
[Round "9"]
[White "Radulski, Julian"]
[Black "Spasov, Vasil"]
[Result "1/2-1/2"]
[WhiteElo "2493"]
[BlackElo "2555"]
[PlyCount "24"]
[EventDate "2003.05.??"]
[EventType "tourn"]
[EventRounds "11"]
[EventCountry "BUL"]
[EventCategory "8"]

1. e4 d6 2. d4 Nf6 3. Nc3 g6 4. Nf3 Bg7 5. Be2 O-O 6. O-O Bg4 7. Be3 Nc6 8. d5
Bxf3 9. Bxf3 Ne5 10. Be2 c6 11. f4 Ned7 12. dxc6 bxc6 1/2-1/2

[Event "BUL Sofia, DIP 67th Men"]
[Site "Sofia"]
[Date "2003.05.17"]
[Round "11"]
[White "Karakehayov , Kalin"]
[Black "Spasov, Vasil"]
[Result "1/2-1/2"]
[WhiteElo "2273"]
[BlackElo "2555"]
[PlyCount "29"]
[EventDate "2003.05.??"]
[EventType "tourn"]
[EventRounds "11"]
[EventCountry "BUL"]
[EventCategory "8"]

1. e4 c5 2. Nf3 Nc6 3. d4 cxd4 4. Nxd4 Nf6 5. Nc3 e5 6. Ndb5 d6 7. Bg5 a6 8.
Na3 b5 9. Nd5 Be7 10. Bxf6 Bxf6 11. c3 O-O 12. Nc2 Bg5 13. a4 bxa4 14. Rxa4 a5
15. Bb5 1/2-1/2

[Event "DOP2004 54th team Men"]
[Site "Plovdiv"]
[Date "2004.11.22"]
[Round "3.2"]
[White "Spasov, Vasil"]
[Black "Dimitrov, Vladimir"]
[Result "1/2-1/2"]
[WhiteElo "2534"]
[BlackElo "2434"]
[PlyCount "79"]
[EventDate "2004.11.??"]
[EventType "team"]
[EventRounds "7"]
[EventCountry "BUL"]

1. e4 c5 2. Nf3 e6 3. d4 cxd4 4. Nxd4 Nc6 5. Nc3 Qc7 6. Be3 a6 7. Qd2 Nf6 8.
O-O-O Bb4 9. f3 Ne5 10. Nb3 b5 11. Qe1 Nc4 12. Bd4 Bb7 13. e5 Bxc3 14. Bxc3 Nd5
15. Bd4 Rc8 16. Bd3 Nf4 17. Kb1 O-O 18. Nc5 Nxd3 19. cxd3 Nxe5 20. Qxe5 Qxe5
21. Bxe5 Rxc5 22. Bd6 Rf5 23. Bxf8 Kxf8 24. Kc2 Ke7 25. d4 b4 26. a3 bxa3 27.
bxa3 Bc6 28. Rd3 g5 29. Re1 Kd6 30. Kd2 Rb5 31. Rc3 f6 32. Rec1 e5 33. Ke3 h5
34. R1c2 Rb1 35. Rd2 Ke6 36. Kf2 h4 37. h3 Bb5 38. Rc8 Rf1+ 39. Ke3 Re1+ 40.
Kf2 1/2-1/2

[Event "Sunny Beach BUL, 56-th Team Ch (m)"]
[Site "Sunny Beach BUL"]
[Date "2006.10.06"]
[Round "2.2"]
[White "Spasov, Vasil"]
[Black "Georgiev, Krum"]
[Result "1/2-1/2"]
[WhiteElo "2582"]
[BlackElo "2504"]
[PlyCount "61"]
[EventDate "2006.10.05"]

1. e4 c5 2. Nf3 d6 3. d4 cxd4 4. Nxd4 Nf6 5. Nc3 a6 6. Be3 e6 7. g4 b5 8. g5
Nfd7 9. h4 Bb7 10. a3 Be7 11. Rg1 Nc5 12. h5 Nbd7 13. g6 Bf6 14. Qg4 hxg6 15.
hxg6 Rh4 16. gxf7+ Ke7 17. Qg3 Ne5 18. f4 Nxf7 19. O-O-O Qc7 20. Nd5+ exd5 21.
e5 dxe5 22. Nf5+ Kf8 23. Nxh4 Rc8 24. Ng6+ Ke8 25. Bxc5 Qxc5 26. Rg2 e4 27. Qh3
Kd8 28. Qe6 Nd6 29. b4 Qe3+ 30. Kb1 Kc7 31. Ne5 1/2-1/2

[Event "Sunny Beach BUL, 56-th Team Ch (m)"]
[Site "Sunny Beach BUL"]
[Date "2006.10.07"]
[Round "3.4"]
[White "Spasov, Vasil"]
[Black "Tomov, Georgi"]
[Result "1-0"]
[WhiteElo "2582"]
[BlackElo "2290"]
[PlyCount "72"]
[EventDate "2006.10.05"]

1. e4 e5 2. Bc4 Nf6 3. d3 Nc6 4. Nf3 Bc5 5. c3 a6 6. O-O Ba7 7. Bb3 O-O 8. Nbd2
d6 9. Nc4 Be6 10. Bg5 h6 11. Bh4 g5 12. Bg3 Bxc4 13. Bxc4 Na5 14. Bb3 Nxb3 15.
axb3 Qd7 16. Re1 Rae8 17. b4 Bb6 18. Rc1 Qg4 19. c4 Nd7 20. c5 dxc5 21. h3 Qe6
22. bxc5 Bxc5 23. Nxe5 Bxf2+ 24. Bxf2 Qxe5 25. Qb3 c5 26. Qxb7 Qd6 27. d4 Rb8
28. e5 Qe6 29. Qf3 cxd4 30. Bxd4 Rfc8 31. Bc3 Nb6 32. Rcd1 Nc4 33. Rd4 Nxe5 34.
Rxe5 Qxe5 35. Rd8+ Rxd8 36. Bxe5 Rb6 1-0

[Event "Sunny Beach BUL, 56-th Team Ch (m)"]
[Site "Sunny Beach BUL"]
[Date "2006.10.08"]
[Round "4.1"]
[White "Badev, Kiril"]
[Black "Spasov, Vasil"]
[Result "0-1"]
[WhiteElo "2331"]
[BlackElo "2582"]
[PlyCount "58"]
[EventDate "2006.10.05"]

1. e4 d6 2. d4 g6 3. Nc3 Bg7 4. Be3 a6 5. Qd2 Nd7 6. h3 b5 7. g4 Bb7 8. d5 Ngf6
9. g5 Nh5 10. a3 c6 11. Bd4 cxd5 12. exd5 Rc8 13. O-O-O O-O 14. Bxg7 Nxg7 15.
h4 Ne5 16. h5 Nxh5 17. Be2 Qb6 18. Bxh5 gxh5 19. Ne4 Rc4 20. Nf6+ exf6 21. gxf6
Rg4 22. Rxh5 Rg6 23. f4 Nc4 24. Qh2 Qe3+ 25. Kb1 Qg3 26. Qh1 Qxf4 27. Rxh7 Qxf6
28. c3 Re8 29. Ka2 Ne3 0-1